| 000 | 00000nam##2200000za#4500 |
| 001 | 9.684246 |
| 003 | CaOODSP |
| 005 | 20210615134059 |
| 007 | ta |
| 008 | 150407|2007||||xxc||||| f|0| 0 fre|d |
| 040 | |aCaOODSP|bfre |
| 043 | |an-cn--- |
| 086 | 1 |aFo4-14/8-2007F |
| 110 | 1 |aCanada.|bRessources naturelles Canada. |bService canadien des forêts. |
| 245 | 13|aLa forêt boréale du Canada : |btradition et transition / |c[Publié par] Association forestière canadienne. |
| 246 | 3 |aTrousse d'enseignements. Volume 8, La forêt boréale canadienne |
| 260 | |aOttawa - Ontario : |bRessources naturelles Canada. |cc2007. |
| 300 | |a44p. : |bglossaire, ill., cartes, photographies ; |c28 cm. + |eDeux affiches bilingues en coulour. |
| 500 | |aTitres des affiches: «Les ressources naturelles du Canada : tradition et transition», et, «Il n'y a pas que des arbres dans la forêt boréale ...» Pour commander les trousses d'enseignements de l'AFC, veuillez visiter le site web à l'adresse web indiquée ci-dessous. |
| 520 | 3 |aOffre aux enseignants les outils nécessaires pour mieux faire comprendre au jeune peuple la valeur des forêts et l'importance de les protéger et de les conserver. |
| 563 | |aCouverture souple |
| 590 | |a08-19|b2008-05-09 |
| 775 | 08|tCanada's boreal forest : |w(CaOODSP)9.651202 |
| 776 | 0#|tLa forêt boréale canadienne : |w(CaOODSP)9.641458 |